• 首页
  • 本馆介绍
  • 公告通知
  • 最新文献
  • 馆藏检索
  • 电子资源
  • 读者导购
  • 参考咨询
  • 我的图书馆
  • 登录
  • 详细信息显示
  • 放入我的书架
  • 预约/预借图书
  • 作者相关作品
  • 分类相关作品
  • 丛书相关作品
  • 出版社相关作品

书目信息

  • 表格格式
  • 工作单格式
  • 卡片格式
题名:
摄、录、编技术与节目制作
    
 
作者: 张琦 编著
分册:  
出版信息: 北京   光明日报出版社  1995
页数: 292页
开本: 26cm
丛书名:
单 册:
中图分类: TN948.4 , G222.3
科图分类:
主题词: 电视广播系统--电视大学--教材 , 电视节目--制作--电视大学--教材
电子资源:
ISBN: 7-80091-639-1
000 00809nam0 2200265 45
001 0195030897
005 20061030102425.53
010    @a7-80091-639-1@dCNY25.00
100    @a19950601d1995 em y0chiy0121 ea
101 0  @achi
102    @aCN@b110000
105    @ay z 000yy
200 10 @a摄、录、编技术与节目制作@ASHE 、 LU 、 BIAN JI SHU YU JIE MU ZHI ZUO@f张 琦等编著@FZHANG QI DENG BIAN ZHU
210    @a北京@c光明日报出版社@d1995
215    @a292页@d26cm
300    @a中央广播电视大学继续教育用书
314    @a张琦,北京广播学院教授
540 1  @a摄录 节目@ASHE LU JIE MU
606    @a电视广播系统@x电视大学@x教材
606    @a电视节目@x制作@x电视大学@x教材
690    @aTN948.4
690    @aG222.3
701  0 @a张琦@AZHANG QI@4编著
801  0 @aCN@bTSSF@c20061030
905    @a10447@dG222.3@e7
    
    摄、录、编技术与节目制作/张 琦等编著.-北京:光明日报出版社,1995
    292页;26cm
    中央广播电视大学继续教育用书
    
    ISBN 7-80091-639-1:CNY25.00
    
●
相关链接 在E读中查询图书 在五车中查询图书 在当当中查询图书 在豆瓣中查询图书


正题名:摄、录、编技术与节目制作     索取号:G222.3/7         预约/预借

序号 登录号 条形码 馆藏地/架位号 状态 备注
1 0267399   000497581   第一样本阅览室/ [索取号:G222.3/7] 在馆    
唐山师范学院图书馆 欢迎您!
大连网信软件有限公司© 版权所有